Saving the liberty bell / (Record no. 4774)

MARC details
000 -LEADER
fixed length control field 01173nam a22002897a 4500
001 - CONTROL NUMBER
control field 4774
003 - CONTROL NUMBER IDENTIFIER
control field FISKH
005 - DATE AND TIME OF LATEST TRANSACTION
control field 20250512075350.0
008 - FIXED-LENGTH DATA ELEMENTS--GENERAL INFORMATION
fixed length control field 241010b cb ||||| |||| 00| 0 eng d
020 ## - INTERNATIONAL STANDARD BOOK NUMBER
International Standard Book Number 9780545571890
040 ## - CATALOGING SOURCE
Original cataloging agency FISKH
Language of cataloging eng
Transcribing agency FISKH
Modifying agency FISKH
050 ## - LIBRARY OF CONGRESS CALL NUMBER
Classification number F158.I3
082 ## - DEWEY DECIMAL CLASSIFICATION NUMBER
Classification number 974.8
100 ## - MAIN ENTRY--PERSONAL NAME
Personal name Mcdonald, Megan
Dates associated with a name (1959-)
245 ## - TITLE STATEMENT
Title Saving the liberty bell /
Statement of responsibility, etc. Story by Megan Mcdonald illustrations by Marsha Gray Carrington
250 ## - EDITION STATEMENT
Edition statement Published in 2005
260 ## - PUBLICATION, DISTRIBUTION, ETC.
Place of publication, distribution, etc. New York :
Name of publisher, distributor, etc. Scholastic,
Date of publication, distribution, etc. 2005.
300 ## - PHYSICAL DESCRIPTION
Extent 29 pages :
Other physical details Color illustrations ;
Dimensions 28 cm
505 ## - FORMATTED CONTENTS NOTE
Formatted contents note R<br/>
520 ## - SUMMARY, ETC.
Summary, etc. When John Jacob Mickley accompanies his father on a trip to Philadelphia, he discovers that the city is facing a Redcoat attack. Next thing he knows, Papa and he have been entrusted with a top-secret mission. Can the humble Mickley wagon dodge British soldiers and carry an important two-thousand-pound symbol of freedom to safety?
521 8# - TARGET AUDIENCE NOTE
Target audience note 760L<br/>
Source Lexile<br/>
521 8# - TARGET AUDIENCE NOTE
Target audience note R<br/>
Source Raz-Plus<br/>
650 ## - SUBJECT ADDED ENTRY--TOPICAL TERM
Source of heading or term 18th century
Topical term or geographic name entry element American history
650 ## - SUBJECT ADDED ENTRY--TOPICAL TERM
Source of heading or term Adventure
Topical term or geographic name entry element Picture book
700 ## - ADDED ENTRY--PERSONAL NAME
Personal name Carrington, Gray Marsha
Dates associated with a name Illustrator
942 ## - ADDED ENTRY ELEMENTS (KOHA)
Source of classification or shelving scheme Dewey Decimal Classification
Koha item type Books
Suppress in OPAC No
Holdings
Withdrawn status Lost status Source of classification or shelving scheme Damaged status Not for loan Collection Home library Current library Shelving location Date acquired Total Checkouts Full call number Barcode Date last seen Copy number Price effective from Koha item type
    Dewey Decimal Classification     Juvenile Fiction Footprints International School Library Network Toul Kork Campus Footprints International School Library Network Toul Kork Campus TK Primary Library Room(4th Floor), Bookcase 5&6, Shelves 33-56, Orange Books 10/10/2024   MCD 974.8 F158.I3 2024-2121 10/10/2024 1 10/10/2024 Books
    Dewey Decimal Classification     Juvenile Fiction Footprints International School Library Network Toul Tom Poung Campus Footprints International School Library Network Toul Tom Poung Campus TTP Primary Orange Bookshelves 05/12/2025   MCD 974.8 F158.I3 2025-1249 05/12/2025 2 05/12/2025 Books
    Dewey Decimal Classification     Juvenile Fiction Footprints International School Library Network Toul Tom Poung Campus Footprints International School Library Network Toul Tom Poung Campus TTP Primary Orange Bookshelves 07/29/2025   MCD 974.8 F158.I3 FISBK05705 07/29/2025 3 07/29/2025 Books